| 000 | 01184cam a22003617i 4500 | ||
|---|---|---|---|
| 001 | 2351 | ||
| 003 | FISKH | ||
| 005 | 20251202134146.0 | ||
| 008 | 161027s2015 nyua b 000 1 eng | ||
| 010 | _a 2016591017 | ||
| 020 | _a9780545750271 (paperback) | ||
| 020 | _a054575027X (paperback) | ||
| 035 | _a(OCoLC)ocn923862973 | ||
| 040 |
_aIHI _beng _cIHI _erda _dOCLCO _dOCLCF _dOCLCO _dBTCTA _dYDXCP _dBDX _dIMD _dOCLCO _dDLC |
||
| 042 | _alccopycat | ||
| 050 | 0 | 0 |
_aPZ7.H1996 _bFj 2015 |
| 082 | 0 | 4 |
_a[Fic] _223 |
| 100 | 1 | _aHapka, Catherine, | |
| 245 | 1 | 0 |
_aFlip's surprise talent / _cby Catherine Hapka ; illustrated by Hollie Hibbert. |
| 260 |
_aNew York : _bScholastic, _c2015. |
||
| 300 |
_a98 pages : _billustrations ; _c20 cm |
||
| 490 | 0 |
_aDolphin school ; _vBook 4 |
|
| 505 | _aN | ||
| 520 | _aCoral Cove Dolphin School has it's annual Show Off Day. | ||
| 521 | 2 |
_a590
_bLexile |
|
| 521 | 0 |
_aN
_bRaz-Plus |
|
| 650 | 0 |
_aTalent shows _vJuvenile fiction. |
|
| 650 | 0 |
_aSchools _vJuvenile fiction. |
|
| 650 | 0 |
_aDolphins _vJuvenile fiction. |
|
| 700 | 1 |
_aHibbert, Hollie, _eillustrator |
|
| 906 |
_a7 _bcbc _ccopycat _d2 _encip _f20 _gy-gencatlg |
||
| 942 |
_2ddc _cBK _n0 |
||
| 999 |
_c2351 _d2351 |
||